[Event "29th Czech Open A 2018"]
[Site "Pardubice CZE"]
[Date "2018.07.28"]
[Round "9.28"]
[White "Harsha, Bharathakoti"]
[Black "Vokac, Marek"]
[Result "1/2-1/2"]
[WhiteElo "2465"]
[BlackElo "2384"]
[EventDate "2018.07.21"]

1. c4 g6 2. e4 Bg7 3. d4 d6 4. Nc3 Nf6 5. h3 O-O 6. Be3 e5 7. d5 Na6 8. Nf3
Nh5 9. g3 Qe8 10. Be2 f5 11. exf5 gxf5 12. Nh4 Nf6 13. Qd2 Nc5 14. O-O-O
Nce4 15. Nxe4 Nxe4 16. Qc2 c6 17. dxc6 bxc6 18. g4 d5 19. Nxf5 Bxf5 20.
gxf5 Nf6 21. h4 Rf7 22. h5 d4 23. Bg5 h6 24. Bh4 e4 25. Rxd4 c5 26. Rd6 Qe5
27. Bg3 Qxf5 28. Rhd1 Re8 29. Rd8 Rb7 30. b3 Re7 31. Rxe8+ Rxe8 32. Rd6
Qg5+ 33. Kd1 e3 34. Bf3 exf2 35. Qxf2 Ne4 36. Bxe4 Rxe4 37. Rd3 Qxh5+ 38.
Qf3 Qg6 39. Bf2 Bd4 40. Bxd4 cxd4 41. c5 h5 42. c6 Rf4 43. Qxf4 Qxd3+ 44.
Qd2 Qf3+ 45. Qe2 Qh1+ 46. Kd2 Qxc6 47. Qxh5 Qc3+ 48. Kd1 Qa1+ 49. Kd2 Qxa2+
50. Kd3 Qxb3+ 51. Kxd4 Qb4+ 52. Kd3 a5 53. Qg6+ Kf8 54. Qf5+ Ke7 55. Qe4+
Qxe4+ 1/2-1/2

[Event "29th Czech Open A 2018"]
[Site "Pardubice CZE"]
[Date "2018.07.28"]
[Round "9.29"]
[White "Vusatiuk, Vladimir"]
[Black "Henderson De La Fuente, Lance"]
[Result "1/2-1/2"]
[WhiteElo "2321"]
[BlackElo "2463"]
[EventDate "2018.07.21"]

1. d4 d5 2. c4 e6 3. Nc3 c6 4. e3 Nf6 5. Nf3 Nbd7 6. Qc2 Bd6 7. Bd3 O-O 8.
O-O e5 9. cxd5 cxd5 10. e4 exd4 11. Nxd5 Nxd5 12. exd5 h6 13. Nxd4 Bxh2+
14. Kxh2 Qh4+ 15. Kg1 Qxd4 16. Qc4 Qxc4 17. Bxc4 Nb6 18. Bb3 Rd8 19. Rd1
Bf5 20. Be3 Rd7 21. a4 Rad8 22. a5 Nc8 23. f3 Re7 24. Kf2 Rde8 25. Re1 Bd7
26. Bc5 Rxe1 27. Rxe1 Rd8 28. Bb4 b6 29. Rc1 bxa5 30. Bxa5 Re8 31. Rc7 Bb5
32. Bb4 Nb6 33. d6 Nd7 34. Bc3 a6 35. Bd5 h5 36. Kg3 g5 37. Bc6 Bxc6 38.
Rxc6 Re6 39. Rxa6 f6 40. b4 Kf7 41. Kf2 Re8 42. f4 Rc8 43. Bd2 gxf4 44.
Bxf4 Rc4 45. Bd2 Ke6 46. b5 Rc2 47. Ke3 Rb2 48. g3 Rxb5 49. Ra5 Rb3+ 50.
Ke4 Ne5 51. d7 Nxd7 52. Rxh5 Rxg3 53. Ra5 f5+ 54. Rxf5 Nf6+ 55. Rxf6+ Kxf6
56. Bf4 Rg4 57. Kf3 Kf5 58. Bg3 Rb4 59. Bf2 Rb3+ 60. Kg2 Kf4 61. Bc5 Rg3+
62. Kh1 Kf3 63. Bd6 Rg6 64. Bc7 Rc6 65. Be5 Kf2 66. Bd4+ Kg3 67. Be5+ Kf3
68. Bb8 Re6 69. Ba7 Rg6 70. Bb8 Kf2 71. Ba7+ Kf1 72. Kh2 Rg2+ 73. Kh1 Rd2
74. Bb6 Rc2 75. Ba7 Rc7 76. Bb8 Rc8 77. Bh2 Rg8 78. Bd6 Rg1+ 79. Kh2 Rg6
80. Bc5 Rh6+ 81. Kg3 Rc6 82. Ba7 Rc2 83. Bb6 Rg2+ 84. Kh3 Rb2 85. Bc5 Ra2
86. Bb6 Ra6 87. Bc5 Ke2 88. Kg2 Rg6+ 89. Kh1 Kf1 90. Kh2 Ke2 91. Kh1 Kf3
92. Ba7 Rh6+ 93. Kg1 Ra6 94. Bb8 Ra1+ 95. Kh2 Kf2 96. Bg3+ Kf1 97. Bd6 Kf2
98. Bc5+ Kf3 99. Bb6 Ra2+ 100. Kh1 Rg2 101. Ba7 Kg3 102. Bb8+ Kh3 103. Ba7
Ra2 104. Bb6 Ra1+ 105. Bg1 Rxg1+ 106. Kxg1 1/2-1/2

[Event "29th Czech Open A 2018"]
[Site "Pardubice CZE"]
[Date "2018.07.28"]
[Round "9.30"]
[White "Lodici, Lorenzo"]
[Black "Yelisieiev, Yevhenii"]
[Result "1-0"]
[WhiteElo "2441"]
[BlackElo "2379"]
[EventDate "2018.07.21"]

1. d4 d5 2. c4 e6 3. Nf3 Nf6 4. Nc3 Bb4 5. cxd5 exd5 6. Bg5 Qd6 7. Nd2 Bf5
8. e3 c6 9. Qf3 Bg4 10. Qg3 Qxg3 11. hxg3 Nbd7 12. Bd3 h6 13. a3 Be7 14. f3
Be6 15. Bf4 O-O-O 16. Nb5 Nb6 17. Nxa7+ Kd7 18. Nb5 Nc4 19. Bxc4 dxc4 20.
Nc3 Nd5 21. Nxd5 cxd5 22. e4 b5 23. exd5 Bxd5 24. Ne4 Kc6 25. Nc3 b4 26.
axb4 Bxb4 27. Kf2 Bxc3 28. bxc3 Ra8 29. g4 Kd7 30. Rab1 Ra2+ 31. Kg3 Rha8
32. Rb5 R2a5 33. Rhb1 Bc6 34. R5b4 Ra4 35. Rb6 R8a6 36. Rxa6 Rxa6 37. Rb4
Ra4 38. Rb6 Ra5 39. Kf2 Ra2+ 40. Ke3 Rc2 41. d5 Rxc3+ 42. Ke4 Ba8 43. Rd6+
Ke7 44. Ra6 Bb7 45. Ra7 Rb3 46. Kd4 c3 47. Kc4 Rb1 48. Kxc3 Kd7 49. Ra5 Rg1
50. Ra7 Rb1 51. Kc4 Kc8 52. d6 Kd7 53. Kc5 g5 54. Bd2 Kc8 55. Bb4 Rc1+ 56.
Kb6 Bd5 57. d7+ Kd8 58. Ba5 Ke7 59. Rc7 Ra1 60. Ka6 Be6 61. d8=Q+ Kxd8 62.
Rc1+ Rxa5+ 63. Kxa5 Ke7 64. Rh1 Kf6 65. Rxh6+ Ke5 66. Kb4 Ba2 67. Ra6 Bb1
68. Kc3 Bg6 69. Kd2 Kf4 70. Ra5 f5 71. gxf5 Bxf5 72. Ke2 g4 73. fxg4 Kxg4
74. Rxf5 Kxf5 75. Kf3 Kg5 76. Kg3 Kf5 77. Kh4 Kg6 78. Kg4 Kf6 79. Kh5 Kg7
80. Kg5 Kh7 81. Kf6 Kh6 82. g4 Kh7 83. g5 Kg8 84. Kg6 Kh8 85. Kf7 Kh7 86.
g6+ 1-0

[Event "29th Czech Open A 2018"]
[Site "Pardubice CZE"]
[Date "2018.07.28"]
[Round "9.31"]
[White "Haria, Ravi"]
[Black "Flick, Antoine"]
[Result "1-0"]
[WhiteElo "2440"]
[BlackElo "2348"]
[EventDate "2018.07.21"]

1. Nf3 d5 2. g3 Nf6 3. Bg2 c6 4. c4 Bg4 5. Ne5 Be6 6. cxd5 Bxd5 7. Nf3 c5
8. Nc3 Bc6 9. O-O e6 10. Re1 Be7 11. e4 O-O 12. d4 Re8 13. e5 Nd5 14. Ne4
Nd7 15. Bg5 f6 16. exf6 N5xf6 17. Nc3 Nf8 18. Qb3 Qb6 19. Rac1 Qxb3 20.
axb3 Rad8 21. dxc5 Bxc5 22. Ne5 Bxg2 23. Kxg2 N8d7 24. Nb5 Bb4 25. Bxf6
Nxf6 26. Red1 Rd5 27. Rxd5 exd5 28. Nd3 Ba5 29. Nd6 Rb8 30. Nc8 a6 31. b4
Bd8 32. Nd6 g6 33. Re1 Kf8 34. Re6 b6 35. Ne5 1-0

[Event "29th Czech Open A 2018"]
[Site "Pardubice CZE"]
[Date "2018.07.28"]
[Round "9.32"]
[White "Das, Arghyadip"]
[Black "Stoyanov, Tsvetan"]
[Result "1/2-1/2"]
[WhiteElo "2436"]
[BlackElo "2348"]
[EventDate "2018.07.21"]

1. e4 c5 2. Nf3 d6 3. d4 cxd4 4. Nxd4 Nf6 5. Nc3 a6 6. h3 b5 7. g4 Bb7 8.
Bg2 e6 9. O-O Qc7 10. Re1 Be7 11. a4 bxa4 12. Nd5 exd5 13. exd5 O-O 14. g5
Qd7 15. gxf6 Bxf6 16. c3 g6 17. Bf4 Qc7 18. Qxa4 Nd7 19. Nc6 Ne5 20. Nxe5
dxe5 21. Be3 Rad8 22. Red1 Bg7 23. Qa5 Qd7 24. c4 e4 25. Bb6 Rde8 26. Bc5
Re5 27. Bxf8 Bxf8 28. Qb6 Rg5 29. Kf1 Bc8 30. Qe3 Rf5 31. Rd2 Qc7 32. Qxe4
Qh2 33. d6 Re5 34. Qf3 Be6 35. b3 Rf5 36. Qe3 Bxd6 37. Rxa6 Bf4 38. Qd4 Be5
39. Qd8+ Kg7 40. Ra8 Kh6 41. Ra5 Bf6 42. Qf8+ Bg7 43. Qa8 Rxa5 44. Qxa5
Bxh3 45. Bxh3 Qh1+ 46. Ke2 Qe4+ 1/2-1/2

[Event "29th Czech Open A 2018"]
[Site "Pardubice CZE"]
[Date "2018.07.28"]
[Round "9.34"]
[White "Gomes, Mary Ann"]
[Black "Tomczak, Mikolaj"]
[Result "1/2-1/2"]
[WhiteElo "2284"]
[BlackElo "2432"]
[EventDate "2018.07.21"]

1. Nf3 d5 2. c4 c6 3. g3 Nf6 4. Bg2 Bg4 5. Ne5 Be6 6. cxd5 Bxd5 7. Nf3 c5
8. Nc3 Bc6 9. O-O Nbd7 10. d4 e6 11. dxc5 Bxc5 12. Bf4 O-O 13. Bd6 Bxd6 14.
Qxd6 Qb6 15. b4 Rfd8 16. Qf4 Nf8 17. b5 Ng6 18. Qb4 a6 19. a4 a5 20. Qb3
Bxf3 21. Bxf3 Ne5 22. Rad1 Rdc8 23. Ne4 Nxe4 24. Bxe4 Rc4 25. Bd3 Rb4 26.
Qc2 g6 27. e3 Ng4 28. Be2 Nf6 29. Bf3 e5 30. Rd2 e4 31. Rfd1 Qe6 32. Be2
Qe5 33. Rd4 Kg7 34. Rxb4 axb4 35. Rd4 h5 36. Rxb4 h4 37. Rd4 hxg3 38. hxg3
Rh8 39. Qc3 Qe6 40. Bf1 Rc8 41. Rc4 Rd8 42. Rd4 Rc8 43. Qd2 Qf5 44. Be2 Rh8
45. Rd8 Rh6 46. Qd6 g5 47. Qf8+ Kg6 48. Rd6 Rh7 49. Qg8+ Kh6 50. Qf8+ Kg6
51. Qg8+ Kh6 52. Bc4 Rg7 53. Qh8+ Kg6 54. Qd8 Rh7 55. Qg8+ Rg7 56. Qd8 Rh7
57. Bf1 Kg7 58. Bg2 Rh8 59. Qa5 Ng4 60. Qd2 Rh2 61. Qd4+ f6 62. Qd2 Rh8 63.
Rd7+ Kg6 64. Rd4 Ne5 65. Qe2 Nf3+ 66. Bxf3 exf3 67. Qd3 Qxd3 68. Rxd3 Rc8
69. g4 Rc2 70. Rd7 Ra2 71. Rd4 Kf7 72. Rb4 Ke6 73. Rd4 Ke7 74. b6 Ke6 75.
Rb4 Kd6 76. Rc4 Kd5 77. Rc7 Rxa4 78. Rxb7 Rxg4+ 79. Kh1 Rh4+ 80. Kg1 Rg4+
81. Kh1 Rh4+ 82. Kg1 Rg4+ 1/2-1/2

[Event "29th Czech Open A 2018"]
[Site "Pardubice CZE"]
[Date "2018.07.28"]
[Round "9.35"]
[White "Malakhov, Igor"]
[Black "Kozusek, Daniel"]
[Result "1/2-1/2"]
[WhiteElo "2431"]
[BlackElo "2302"]
[EventDate "2018.07.21"]

1. Nf3 e6 2. c4 d5 3. g3 Nf6 4. Bg2 Be7 5. O-O O-O 6. d4 dxc4 7. Qc2 b6 8.
Nbd2 Bb7 9. Nxc4 Nbd7 10. Rd1 c5 11. Bg5 1/2-1/2

[Event "29th Czech Open A 2018"]
[Site "Pardubice CZE"]
[Date "2018.07.28"]
[Round "9.37"]
[White "Zwardon, Vojtech"]
[Black "Mertanen, Janne"]
[Result "1-0"]
[WhiteElo "2424"]
[BlackElo "2292"]
[EventDate "2018.07.21"]

1. c4 c5 2. g3 Nc6 3. Bg2 g6 4. Nc3 Bg7 5. a3 d6 6. d3 e6 7. Nh3 Nge7 8.
Nf4 Rb8 9. Bd2 b6 10. b4 Bb7 11. O-O Qd7 12. Qa4 Ba8 13. Ne4 Nf5 14. Rab1
Ncd4 15. Qd1 O-O 16. e3 Nc6 17. Qb3 Nfe7 18. Bc3 e5 19. Qb2 h6 20. Nd2 Nd4
21. Rfe1 Bxg2 22. Nxg2 Ne6 23. Red1 h5 24. h4 Nf5 25. Ne4 Qc7 26. Qa1 Ne7
27. Rb3 f5 28. Ng5 Nxg5 29. hxg5 Nc6 30. Rdb1 Rbe8 31. bxc5 dxc5 32. a4 Qe7
33. a5 bxa5 34. Qa4 Nb4 35. Qxa5 f4 36. Bxb4 cxb4 37. exf4 exf4 38. Nxf4
Rf5 39. Qxb4 Qxg5 40. Qd6 h4 41. Kg2 hxg3 42. fxg3 Re3 43. Rb8+ Bf8 44.
Qxg6+ Qxg6 45. Nxg6 Rxd3 46. Ne7+ 1-0

[Event "29th Czech Open A 2018"]
[Site "Pardubice CZE"]
[Date "2018.07.28"]
[Round "9.38"]
[White "Mehar, Chinna Reddy C.H."]
[Black "Matviishen, Viktor"]
[Result "1/2-1/2"]
[WhiteElo "2286"]
[BlackElo "2423"]
[EventDate "2018.07.21"]

1. d4 Nf6 2. Bf4 d5 3. e3 Bf5 4. c4 c6 5. Nc3 e6 6. Qb3 Qc8 7. Rc1 a6 8. h3
Nbd7 9. cxd5 exd5 10. g4 Be6 11. Bd3 c5 12. Bb1 c4 13. Qd1 h6 14. e4 Bb4
15. e5 Ng8 16. Ne2 Ne7 17. Ng3 g6 18. Be3 Qc7 19. f4 O-O-O 20. f5 gxf5 21.
gxf5 Nxe5 22. fxe6 fxe6 23. a3 Ba5 24. Nh5 N5c6 25. Qg4 Kb8 26. Qxe6 Rhf8
27. Rf1 Ka8 28. Rxf8 Rxf8 29. Qxh6 Rf3 30. Ke2 Rxh3 31. Qf8+ Ka7 32. Nf4
Rh2+ 33. Kf3 Rxb2 34. Ncxd5 Nxd5 35. Nxd5 Qh2 36. Nf4 Rb3 37. Bd3 cxd3 38.
d5+ Bb6 39. Bxb6+ Rxb6 40. dxc6 d2 41. Rd1 Rb3+ 42. Ke4 Qf2 43. c7 Qf3+ 44.
Kf5 Rb5+ 45. Ke6 Qc6+ 46. Qd6 Qe8+ 47. Kf6 Rb6 48. Qxb6+ Kxb6 49. Nd5+ Ka7
50. Rxd2 Qc6+ 51. Ke5 Qe8+ 52. Kf4 Qf8+ 53. Ke4 Qe8+ 54. Kf3 Qc6 55. Ke4
Qe8+ 56. Kd3 Qc6 57. Ke4 1/2-1/2

[Event "29th Czech Open A 2018"]
[Site "Pardubice CZE"]
[Date "2018.07.28"]
[Round "9.40"]
[White "Fenil, Shah"]
[Black "Dhulipalla, Bala Chandra Prasad"]
[Result "1-0"]
[WhiteElo "2411"]
[BlackElo "2268"]
[EventDate "2018.07.21"]

1. d4 d5 2. Nc3 Nf6 3. Bf4 c5 4. e3 cxd4 5. exd4 a6 6. Bd3 Nc6 7. Nce2 Qb6
8. Rb1 Nb4 9. Nf3 g6 10. Ng3 Bg7 11. O-O O-O 12. c3 Nxd3 13. Qxd3 Bd7 14.
Rfe1 Rfe8 15. Ne5 Rac8 16. Qd2 Be6 17. Bh6 Bh8 18. Nd3 Ne4 19. Nxe4 dxe4
20. Rxe4 Bxa2 21. Rbe1 e6 22. Rh4 f6 23. Nc5 e5 24. b4 Bf7 25. dxe5 Rcd8
26. Rd4 fxe5 27. Rd7 Rxd7 28. Qxd7 Rb8 29. Rd1 Qc6 30. Qxc6 bxc6 31. Nxa6
Ra8 32. Nc5 e4 33. Rc1 Ra3 34. Bd2 Bd5 35. Kf1 Ra2 36. Be3 Rb2 37. Ke1 Be5
38. c4 Bf7 39. Bd2 Rxd2 40. Kxd2 Bf4+ 41. Kc2 Bxc1 42. Kxc1 Bxc4 43. Nxe4
Bf1 44. g3 Bg2 45. Nc5 Kf7 46. Kd2 Kf6 47. Ke3 g5 48. f3 h5 49. h4 Kf5 50.
hxg5 Kxg5 51. Ne6+ Kf6 52. Nd4 Ke5 53. Nxc6+ Kd5 54. Nd4 Kc4 55. b5 Kc5 56.
Ke4 Bf1 1-0

[Event "29th Czech Open A 2018"]
[Site "Pardubice CZE"]
[Date "2018.07.28"]
[Round "9.41"]
[White "Swicarz, Maciej"]
[Black "Babula, Vlastimil"]
[Result "0-1"]
[WhiteElo "2333"]
[BlackElo "2533"]
[EventDate "2018.07.21"]

1. c4 c5 2. Nc3 Nc6 3. g3 g6 4. Bg2 Bg7 5. a3 d6 6. Rb1 e6 7. b4 Nge7 8.
Qb3 O-O 9. e3 b6 10. Nge2 Bb7 11. O-O Qd7 12. Bb2 Rac8 13. Ne4 e5 14. Rfd1
Nd8 15. d3 f5 16. Bh3 Ne6 17. Nd2 Ng5 18. Bg2 Bxg2 19. Kxg2 f4 20. Ng1 fxe3
21. fxe3 Nf5 22. Re1 Nh4+ 23. Kh1 Nhf3 24. Ndxf3 Nxf3 25. Re2 Bh6 26. Qd1
Rf7 27. e4 Rcf8 28. Bc1 Bxc1 29. Rxc1 Nd4 30. Rg2 Rf2 31. Qe1 Qf7 32. Qe3
Rf1 33. Rxf1 Qxf1 34. b5 Kg7 35. g4 h6 36. Rg3 g5 37. a4 Rf2 38. a5 Re2 39.
axb6 axb6 40. Rf3 Qg2# 0-1

[Event "29th Czech Open A 2018"]
[Site "Pardubice CZE"]
[Date "2018.07.28"]
[Round "9.44"]
[White "Schroeder, Kevin"]
[Black "Caspi, Israel"]
[Result "0-1"]
[WhiteElo "2329"]
[BlackElo "2484"]
[EventDate "2018.07.21"]

1. d4 f5 2. g3 Nf6 3. Bg2 g6 4. h4 Bg7 5. Nc3 O-O 6. Bg5 Nc6 7. Qd2 d6 8.
Bxf6 Bxf6 9. h5 g5 10. Nd5 e6 11. Nxf6+ Qxf6 12. O-O-O h6 13. f4 gxf4 14.
Bxc6 bxc6 15. Qxf4 Rb8 16. Qh4 Qxh4 17. Rxh4 Kh7 18. g4 fxg4 19. Rxg4 Rb5
20. Nf3 Rxh5 21. Rdg1 Rf7 22. Rg8 Ba6 23. Kd2 Bc4 24. Ra8 a5 25. Rgg8 Bd5
26. Rh8+ Kg6 27. Ne1 Rh4 28. c3 Bxa2 29. Ng2 Rh5 30. b4 a4 31. Rxa4 Bc4 32.
Raa8 Rh2 33. Rag8+ Kh5 34. Rxh6+ Kxh6 35. Rh8+ Rh7 0-1

[Event "29th Czech Open A 2018"]
[Site "Pardubice CZE"]
[Date "2018.07.28"]
[Round "9.45"]
[White "Biolek, Richard Jr."]
[Black "Gheng, Josef"]
[Result "1-0"]
[WhiteElo "2469"]
[BlackElo "2328"]
[EventDate "2018.07.21"]

1. e4 c5 2. Nf3 Nc6 3. d4 cxd4 4. Nxd4 Nf6 5. Nc3 e5 6. Ndb5 d6 7. Bg5 a6
8. Na3 b5 9. Bxf6 gxf6 10. Nd5 Bg7 11. Bd3 Ne7 12. Nxe7 Kxe7 13. O-O f5 14.
c4 fxe4 15. Bxe4 Rb8 16. cxb5 axb5 17. Nc2 f5 18. Nb4 Kf6 19. Nc6 Qc7 20.
Qf3 h5 21. Rac1 Qb6 22. Nxb8 Qxb8 23. Rfd1 Bf8 24. Bd5 h4 25. h3 Bd7 26.
Qb3 Bh6 27. Rc2 Bf4 28. Bc6 Bxc6 29. Rxc6 e4 30. Qc3+ Kg6 31. Rc7 Rg8 32.
Qc6 Kg5 33. Rb7 Qa8 34. Qd5 Rg6 35. Rxb5 Qxd5 36. Rdxd5 Be5 37. a4 Kf4 38.
a5 Rg8 39. a6 Ra8 40. Ra5 e3 41. Ra4+ Kg5 42. fxe3 Bxb2 43. Rxd6 Ra7 44.
Kf2 Be5 45. Rd5 Bg3+ 46. Kf3 Kf6 47. Rb5 Rc7 48. a7 Rc2 49. Rxf5+ Kxf5 50.
Ra5+ 1-0

[Event "29th Czech Open A 2018"]
[Site "Pardubice CZE"]
[Date "2018.07.28"]
[Round "9.46"]
[White "Kathmale, Sameer"]
[Black "Pacher, Milan"]
[Result "1-0"]
[WhiteElo "2323"]
[BlackElo "2467"]
[EventDate "2018.07.21"]

1. e4 e5 2. Nf3 Nc6 3. d4 exd4 4. Nxd4 Nf6 5. Nxc6 bxc6 6. e5 Qe7 7. Qe2
Nd5 8. c4 Ba6 9. b3 g6 10. f4 Bg7 11. Qf2 Nb6 12. Ba3 Qe6 13. Nc3 f6 14.
Ne4 fxe5 15. O-O-O d6 16. c5 Bxf1 17. cxb6 axb6 18. Bxd6 Bb5 19. Bxe5 O-O
20. Bxg7 Kxg7 21. Rhe1 Qf5 22. a4 Ba6 23. Qd4+ Kg8 24. g3 c5 25. Qd7 Rf7
26. Qc6 Rb8 27. Ng5 Qf6 28. Re8+ Rxe8 29. Qxe8+ Rf8 30. Qe6+ Qxe6 31. Nxe6
Rf6 32. Rd8+ Kf7 33. Nxc7 Bf1 34. Rd7+ Kg8 35. Kd2 Bh3 36. Rd8+ Kf7 37. Nd5
Rc6 38. Kc3 Be6 39. Kc4 h5 40. h4 Bxd5+ 41. Kxd5 1-0

[Event "29th Czech Open A 2018"]
[Site "Pardubice CZE"]
[Date "2018.07.28"]
[Round "9.47"]
[White "Barp, Alberto"]
[Black "Petr, Martin"]
[Result "1-0"]
[WhiteElo "2317"]
[BlackElo "2456"]
[EventDate "2018.07.21"]

1. d4 d5 2. c4 e6 3. Nf3 a6 4. g3 dxc4 5. Bg2 b5 6. Ne5 c6 7. Nc3 Bb7 8.
O-O Qc8 9. b3 cxb3 10. Ne4 Nd7 11. Nxf7 Kxf7 12. Ng5+ Ke8 13. Qxb3 Ndf6 14.
Nxe6 Qd7 15. e4 Rc8 16. Re1 Qf7 17. d5 Ng4 18. Bf4 c5 19. Rad1 c4 20. Qf3
N8h6 21. h3 Nf6 22. Qe3 Bb4 23. Re2 Nd7 24. Qd4 Rg8 25. e5 Qh5 26. g4 Nxg4
27. hxg4 Qxg4 28. Re3 Bxd5 29. Rg3 Qxd1+ 30. Qxd1 Bxe6 31. Bh3 Bxh3 32.
Rxh3 Rf8 33. e6 Nf6 34. Bd6 Rd8 35. e7 Rxd6 36. exf8=Q+ Kxf8 37. Qb1 Ba5
38. Qf5 Kf7 39. Qc5 Rd1+ 40. Kg2 c3 41. Re3 Rd7 42. Qa3 Bb6 43. Qb3+ Kf8
44. Rxc3 Nd5 45. Rf3+ Ke7 46. Qa3+ Rd6 47. Qxa6 g5 48. Qb7+ Bc7 49. Rf5 Ke6
50. Qc8+ Ke7 51. Re5+ Kf7 52. Qe8+ Kf6 53. Qh8+ 1-0

[Event "29th Czech Open A 2018"]
[Site "Pardubice CZE"]
[Date "2018.07.28"]
[Round "9.48"]
[White "Jansa, Vlastimil"]
[Black "Claridge-Hansen, William"]
[Result "0-1"]
[WhiteElo "2451"]
[BlackElo "2291"]
[EventDate "2018.07.21"]

1. e4 c5 2. Nf3 g6 3. c3 d5 4. exd5 Qxd5 5. d4 Bg7 6. Na3 cxd4 7. Bc4 Qe4+
8. Be3 Nh6 9. Nb5 O-O 10. cxd4 Nf5 11. Qe2 Nxe3 12. fxe3 Nc6 13. O-O Bg4
14. Nc3 Qf5 15. h3 Bxf3 16. Rxf3 Qd7 17. Raf1 e6 18. Ne4 Qe7 19. a3 f5 20.
Nc3 Kh8 21. Ba2 e5 22. Nd5 Qd6 23. dxe5 Qxe5 24. R3f2 Rad8 25. Qf3 Rfe8 26.
Rd1 Ne7 27. Nf4 Rxd1+ 28. Qxd1 Qxe3 29. Ne6 Rc8 30. Qf3 Rc1+ 31. Kh2 Be5+
32. g3 Qxf3 33. Rxf3 Rc2+ 34. Kg1 Rxb2 35. Rf2 b5 36. Rxb2 Bxb2 37. Kf2
Bxa3 38. Ke3 Bd6 39. g4 h6 40. gxf5 gxf5 41. Kd4 Kh7 42. Bb1 Kg6 43. Nd8
Kf6 44. Bd3 Bc7 45. Nb7 Bb6+ 46. Kc3 a6 47. Nd6 Ke6 48. Ne8 Nd5+ 49. Kb3
Bd4 50. Be2 Nf4 0-1

[Event "29th Czech Open A 2018"]
[Site "Pardubice CZE"]
[Date "2018.07.28"]
[Round "9.49"]
[White "Haba, Petr"]
[Black "Mosesov, Danylo"]
[Result "1-0"]
[WhiteElo "2445"]
[BlackElo "2282"]
[EventDate "2018.07.21"]

1. d4 Nf6 2. c4 e6 3. g3 d5 4. Bg2 Be7 5. Nf3 O-O 6. O-O dxc4 7. Qc2 a6 8.
a4 Bd7 9. Rd1 Bc6 10. Nc3 Bxf3 11. Bxf3 Nc6 12. Bxc6 bxc6 13. a5 Qb8 14.
Ra4 Qb3 15. Qxb3 cxb3 16. Rc4 c5 17. dxc5 Rfd8 18. Rxd8+ Rxd8 19. Rb4 Bxc5
20. Rxb3 h6 21. Kg2 Nd5 22. Bd2 Ne7 23. Bf4 Nc6 24. Bxc7 Rc8 25. Rb7 Bb4
26. Ne4 Nxa5 27. Bxa5 Bxa5 28. Nd6 Rc2 29. Rb8+ Kh7 30. Nxf7 Rxe2 31. Kf3
Rc2 32. b4 Rc3+ 33. Kg2 Rb3 34. Rh8+ Kg6 35. Ne5+ Kf6 36. Nd7+ Ke7 37. bxa5
Kxd7 38. Rh7 Rb5 39. Rxg7+ Kd6 40. g4 Rxa5 41. h4 Ke5 42. Rf7 Ra1 43. h5
Rb1 44. f4+ Ke4 45. g5 a5 46. gxh6 Rb5 47. h7 Rxh5 48. Kg3 a4 49. Kg4 Rh1
50. Ra7 a3 51. Ra4+ Kd5 52. Ra5+ Kd6 53. Rh5 Rg1+ 54. Kf3 a2 55. h8=Q a1=Q
56. Qf8+ Kd7 57. Rh7+ Kc6 58. Qc8+ 1-0

[Event "29th Czech Open A 2018"]
[Site "Pardubice CZE"]
[Date "2018.07.28"]
[Round "9.50"]
[White "Galperin, Platon"]
[Black "Horvath, Dominik"]
[Result "1/2-1/2"]
[WhiteElo "2320"]
[BlackElo "2429"]
[EventDate "2018.07.21"]

1. e4 e5 2. Bc4 Nf6 3. d3 c6 4. Bb3 Be7 5. Nc3 O-O 6. f4 exf4 7. e5 Ne8 8.
Bxf4 d5 9. exd6 Bxd6 10. Nge2 Qh4+ 11. g3 Qe7 12. Qd2 Na6 13. Ne4 Bxf4 14.
Qxf4 Be6 15. Bxe6 1/2-1/2

[Event "29th Czech Open A 2018"]
[Site "Pardubice CZE"]
[Date "2018.07.28"]
[Round "9.51"]
[White "Nyysti, Sampsa"]
[Black "Braeuer, Franz"]
[Result "1/2-1/2"]
[WhiteElo "2314"]
[BlackElo "2426"]
[EventDate "2018.07.21"]

1. e4 c5 2. Nc3 a6 3. Nge2 d6 4. g3 g6 5. Bg2 Bg7 6. O-O Nc6 7. d3 e6 8. h3
Nge7 9. Bg5 h6 10. Be3 Nd4 11. Qd2 Rb8 1/2-1/2

[Event "29th Czech Open A 2018"]
[Site "Pardubice CZE"]
[Date "2018.07.28"]
[Round "9.52"]
[White "Kucza, Karol"]
[Black "Kopylov, Michael"]
[Result "1/2-1/2"]
[WhiteElo "2308"]
[BlackElo "2426"]
[EventDate "2018.07.21"]

1. d4 d5 2. c4 e6 3. Nc3 c6 4. Nf3 dxc4 5. a4 Bb4 6. g3 b5 7. Bg2 Bb7 8.
O-O a6 9. Ne5 Qc8 10. Bd2 Be7 11. Ne4 Nf6 12. b3 Nxe4 13. Bxe4 cxb3 14.
Qxb3 Nd7 15. axb5 Nxe5 16. bxa6 Bxa6 17. dxe5 O-O 1/2-1/2

[Event "29th Czech Open A 2018"]
[Site "Pardubice CZE"]
[Date "2018.07.28"]
[Round "9.53"]
[White "Sarkar, Justin"]
[Black "Vykouk, Jan"]
[Result "0-1"]
[WhiteElo "2307"]
[BlackElo "2419"]
[EventDate "2018.07.21"]

1. d4 e6 2. Nf3 Nf6 3. c4 b6 4. Nc3 Bb7 5. Bg5 Be7 6. Qc2 h6 7. Bh4 O-O 8.
e4 d5 9. cxd5 exd5 10. e5 Ne4 11. Bxe7 Qxe7 12. Bd3 Nxc3 13. bxc3 c5 14.
O-O Nc6 15. Qd2 Rac8 16. Rab1 cxd4 17. cxd4 Nd8 18. Ne1 Ne6 19. Nc2 Qc7 20.
f4 Ba6 21. Bxa6 Qxc2 22. Qb4 Rc7 23. f5 Ng5 24. h4 Ne4 25. Rbc1 Qxc1 26.
Rxc1 Rxc1+ 27. Kh2 Rc7 28. h5 Rd8 29. a4 Rb8 30. Bd3 a5 31. Qe1 Ng5 32. e6
Re7 33. Qc3 fxe6 34. Qc6 Rf8 35. Qxb6 exf5 36. Qxa5 f4 37. Qxd5+ Kh8 38.
Qc5 Ref7 39. Be2 f3 40. Bxf3 Nxf3+ 41. gxf3 Rxf3 42. d5 R3f5 43. Qe7 Rxh5+
44. Kg3 Rg5+ 45. Kh3 Rf3+ 46. Kh2 Rf4 47. Kh3 Rxd5 48. a5 Kh7 49. a6 Ra4
50. Qe2 Ra3+ 51. Kh2 Rd6 0-1

[Event "29th Czech Open A 2018"]
[Site "Pardubice CZE"]
[Date "2018.07.28"]
[Round "9.54"]
[White "Kopylov, Daniel"]
[Black "Manik, Mikulas"]
[Result "1-0"]
[WhiteElo "2272"]
[BlackElo "2400"]
[EventDate "2018.07.21"]

1. e4 c5 2. Nf3 Qa5 3. g3 g6 4. Bg2 Bg7 5. O-O Nf6 6. Nc3 O-O 7. d3 d6 8.
e5 dxe5 9. Nxe5 a6 10. Re1 Ra7 11. Be3 Nfd7 12. Nc4 Qd8 13. a4 b6 14. Bf4
f6 15. Bxb8 Nxb8 16. Nd5 Rb7 17. Nf4 e5 18. Ne6 Bxe6 19. Bxb7 Qc7 20. Bg2
Nc6 21. c3 f5 22. Bxc6 Qxc6 23. Nxe5 Qc8 24. Qf3 1-0

[Event "29th Czech Open A 2018"]
[Site "Pardubice CZE"]
[Date "2018.07.28"]
[Round "9.55"]
[White "Grekh, Andrey"]
[Black "Stein, Robert"]
[Result "1/2-1/2"]
[WhiteElo "2400"]
[BlackElo "2253"]
[EventDate "2018.07.21"]

1. e4 e6 2. d4 d5 3. Nd2 dxe4 4. Nxe4 Bd7 5. Nf3 Bc6 6. Bd3 Nd7 7. O-O Ngf6
8. Qe2 Bxe4 9. Bxe4 Nxe4 10. Qxe4 c6 11. Bf4 Nf6 12. Qe2 Bd6 13. Be5 O-O
14. Rad1 Qe7 15. Nd2 Rfd8 16. f4 c5 17. Nc4 Bc7 18. Bxc7 Qxc7 19. Qe5 Rdc8
20. f5 cxd4 21. Qxc7 1/2-1/2